000 00701cab a2200253 4500
001 WB2947-39
008 090401t1993 xxu||||| |||| 00| 0 eng d
035 _a(Sirsi) u5511
041 _aeng
245 _aEarning from learning
260 _c1993
350 _a0
490 _aEconomist
_v329(7841) 11 December 1993, 41(1)
520 _aLooks at how the expansion of universities such as Liverpool are helping urban regeneration in deprived areas.
650 _aCAPITAL SPENDING
650 _aCITY CHALLENGE
650 _aLIVERPOOL
650 _aNEW BUILDING
650 _aUNIVERSITIES
650 _aURBAN REGENERATION
690 _aURBAN RENEWAL
942 _n0
948 _c04/03/1997
999 _c3285
_d3285